000 00585nam a2200217Ia 4500
003 OSt
005 20241127091742.0
008 210210b1985 xxu||||| |||| 00| 0 eng d
040 _cAL
041 _aKannada
082 _aK894.3 SAUD
100 _aSAUJANYA (M D).
_dಸೌಜನ್ಯ (ಎ೦ ಡಿ)
_9186689
245 _aDarpana
_bದರ್ಪಣ
260 _aBengaluru
_bShri Saumya Prakashana
_c1985
300 _a148
650 _aVamshi
_9186690
690 _aKannada Fiction
_9186691
700 _aVamshi
_dವಂಶಿ tr
_9186692
906 _aSG03227
942 _2ddc
_cBK
999 _c114020
_d114020